Sucinta historia del Banco Hipotecario de España (Record no. 123989)
[ view plain ]
| 000 -LEADER | |
|---|---|
| campo de control de longitud fija | 00601nam a2200169 i 4500 |
| 001 - NÚMERO DE CONTROL | |
| campo de control | 123989 |
| 003 - IDENTIFICADOR DE NÚMERO DE CONTROL | |
| campo de control | ES-MaACL |
| 005 - FECHA Y HORA DE LA ÚLTIMA TRANSACCIÓN | |
| campo de control | 20230906192306.0 |
| 007 - CAMPO FIJO DE DESCRIPCIÓN FÍSICA--INFORMACIÓN GENERAL | |
| campo de control de longitud fija | t| |
| 008 - DATOS DE LONGITUD FIJA--INFORMACIÓN GENERAL | |
| campo de control de longitud fija | 070214s1949 sp r ||||1| spa d |
| 100 1# - ENTRADA PRINCIPAL--NOMBRE DE PERSONA | |
| Nombre de persona | Ramírez Yáñez, Manuel. |
| 9 (RLIN) | 95182 |
| 245 10 - MENCIÓN DEL TÍTULO | |
| Título | Sucinta historia del Banco Hipotecario de España |
| Resto del título | : desde su fundación hasta fin del año de 1947 / |
| Mención de responsabilidad, etc. | por Manuel Ramírez Yáñez. |
| 260 ## - PUBLICACIÓN, DISTRIBUCIÓN, ETC. | |
| Lugar de publicación, distribución, etc. | Madrid : |
| Nombre del editor, distribuidor, etc. | [s. n.], |
| Fecha de publicación, distribución, etc. | 1949 ( |
| Fabricante | Imp. Alonso) |
| 300 ## - DESCRIPCIÓN FÍSICA | |
| Extensión | 107 p., 3 lám. : |
| Otras características físicas | il. ; |
| Dimensiones | 24 cm. |
| 610 04 - PUNTO DE ACCESO ADICIONAL DE MATERIA--NOMBRE DE ENTIDAD CORPORATIVA | |
| Nombre de entidad corporativa o nombre de jurisdicción como elemento de entrada | Banco Hipotecario de España. |
| 9 (RLIN) | 2126 |
| 852 ## - LOCALIZACIÓN | |
| Ubicación | ES-MaACL |
| Número de control de estantería | 1893-F-14 |
| Sublocalización o colección | R.27015 |
| Estatus retirado | Estado de pérdida | Estado de daño | No para préstamo | Colección | Biblioteca de origen | Biblioteca actual | Ubicación en estantería | Fecha de adquisición | Fuente de adquisición | Total de préstamos | Signatura topográfica completa | Código de barras | Visto por última vez | Precio de reemplazo | Tipo de ítem Koha |
|---|---|---|---|---|---|---|---|---|---|---|---|---|---|---|---|
| Colección de folletos | Biblioteca del Ateneo de Madrid | Biblioteca del Ateneo de Madrid | Depósito folletos | 17/01/2008 | 1893-F-14 | 1129177 | 23/02/2023 | 23/02/2023 | Folleto |
